Capitales du monde par lettre - S - Statistiques

Statistiques générales
  • Ce quiz a été pris 1 553 fois
    1 552 depuis la dernière actualisation
  • Le résultat moyen est 12 sur 18
Statistiques - réponses
Réponse % Correct
Santiago
90%
Stockholm
87%
Saint-Marin
82%
Sarajevo
77%
San Salvador
76%
Sofia
71%
San José
70%
Sucre
68%
Suva
68%
Séoul
67%
Singapour
65%
Skopje
64%
Saint-Domingue
61%
Sanaa
61%
São Tomé
61%
Saint John's
60%
Saint-Georges
59%
Sri Jayawardenapura
41%
Aucun quiz correspondant
Distribution des résultats
% des personnes avec chaque résultat
Percentile par nombre de réponses
Votre historique - résultats
Vous n’avez pas pris ce quiz depuis la dernière actualisation